00535nam a22001811a 450000500170000000800410001702000230005804000260008108200220010710000190012924500830014826000540023130000110028550000200029660000210031660000130033785200030035020150303020003.0090715s1980 ilu 001 0 eng d a087784495X :c0.00 aNEGST Library - Kenya0 aBS 391.2.S56 19801 aSider, Ronald.10aCry justice: the Bible speaks on hunger and poverty /cedited by Ronald Sider. aDowner's Grove, Illinois :bInter-Varsity,c1980. a220 p. aIncludes index.10aBible - Poverty.10aPoverty.